000 00396nam a2200145Ia 4500
008 151021s9999 xx 000 0 und d
050 _aTK 5105 .F6617 2007
245 _a_Data Communication and Networking
250 _a4th ed.
260 _aNew york McGraw-Hill 2007
300 _axxxiv,1134p,:ill
500 _aIncludes Index
650 _a_Media
980 _a^d20110224 09:53:10^okorir
999 _c5654
_d5654